ARRUPE JESUIT UNIVERSITY

CORONAVIRUS -STOP THE SPREAD - CLEAN,DISINFECT,COVER

Leadership is an art / (Record no. 128856)

MARC details
000 -LEADER
fixed length control field 00770pam a2200229 a 4500
001 - CONTROL NUMBER
control field 1506970
003 - CONTROL NUMBER IDENTIFIER
control field ARRUPE
005 - DATE AND TIME OF LATEST TRANSACTION
control field 20190130101006.0
008 - FIXED-LENGTH DATA ELEMENTS--GENERAL INFORMATION
fixed length control field 890320r19891987nyu 000 0 eng
010 ## - LIBRARY OF CONGRESS CONTROL NUMBER
LC control number 89001504
020 ## - INTERNATIONAL STANDARD BOOK NUMBER
International Standard Book Number 0385264968 :
Terms of availability $17.95 ($22.95 Can.)
040 ## - CATALOGING SOURCE
Original cataloging agency DLC
Transcribing agency DLC
Modifying agency DLC
050 00 - LIBRARY OF CONGRESS CALL NUMBER
Classification number HD57.7
Item number .D46 1989
082 00 - DEWEY DECIMAL CLASSIFICATION NUMBER
Classification number 658.4/092
Edition number 20
300 ## - PHYSICAL DESCRIPTION
Dimensions 22 cm.
100 1# - MAIN ENTRY--PERSONAL NAME
Personal name De Pree, Max.
9 (RLIN) 44264
245 10 - TITLE STATEMENT
Title Leadership is an art /
Statement of responsibility, etc Max De Pree.
260 ## - PUBLICATION, DISTRIBUTION, ETC. (IMPRINT)
Place of publication, distribution, etc New York :
Name of publisher, distributor, etc Doubleday,
Date of publication, distribution, etc c1989.
300 ## - PHYSICAL DESCRIPTION
Extent xxii, 136 p. ;
504 ## - BIBLIOGRAPHY, ETC. NOTE
Bibliography, etc Reprint. Originally published: East Lansing, Mich. : Michigan State University Press, 1987.
650 #0 - SUBJECT ADDED ENTRY--TOPICAL TERM
Topical term or geographic name as entry element Leadership.
9 (RLIN) 6573
906 ## - LOCAL DATA ELEMENT F, LDF (RLIN)
a 7
b cbc
c orignew
d 1
e ocip
f 19
g y-gencatlg
942 ## - ADDED ENTRY ELEMENTS (KOHA)
Source of classification or shelving scheme Library of Congress Classification
Koha item type Monograph ( Printed materials)
Holdings
Withdrawn status Lost status Source of classification or shelving scheme Damaged status Not for loan Collection code Home library Current library Shelving location Date acquired Total Checkouts Full call number Barcode Date last seen Price effective from Koha item type
    Library of Congress Classification     Main Collection ARRUPE LIBRARY ARRUPE LIBRARY Main Collection 30/01/2019   HD57.7 .D46 1989 46600003513 30/01/2019 30/01/2019 Monograph ( Printed materials)

 

Arrupe Library. PO Box MP320 Mt Pleasant, Harare, Zimbabwe
263 242 745411|librarian@aju.ac.zw